000 00467nam a2200169Ia 4500
008 090711s9999 xx 000 0 und d
082 _b37920
100 _aजाधव रा. ग.
245 _aवाIमयीन आकलन
260 _c1977
300 _a111
600 _aजाधव रा. ग.
630 _aवाIमयीन आकलन
700 _aजाधव रा. ग.
730 _aवाIमयीन आकलन
942 _cBOOK
999 _c315503
_d315503